000 00472nam a2200181Ia 4500
005 20250508161849.0
008 008 250505s9999 xx 000 0 eng d
037 _aBooks to be hide in OPAC
040 _aFEDL
_beng
_cFEDL
041 _aeng
_2eng
084 _a371.2, KOC/O
_qFEDL
100 _aKochhar S K
245 0 _aSecondary school administration
260 _c1964
300 _a398p.
942 _cHB
_h371.2, KOC/O
999 _c1372808
_d1372808